Afrikan 10 pohjoisinta valtiota - Statistics

Yleistilastot
  • Tätä visaa on pelattu 2 549 kertaa
  • Keskiarvotulos 9 / 10
Vastaustilastot
Leveyspiiri Valtio % Oikein
31°36'N Egypti
98%
35°55'N Marokko
97%
37°05'N Algeria
95%
37°31'N Tunisia
94%
33°10'N Libya
92%
22°12'N Sudan
89%
23°31'N Niger
84%
25°00'N Mali
83%
23°26'N Tšad
81%
27°19'N Mauritania
76%
Ehtoja vastaavia visoja ei löytynyt
Tulosjakauma
Jokaisen tuloksen saaneiden osuus
Persentiili vastausten määrän mukaan
Tuloshistoriasi
Et ole pelannut tätä visaa